<?xml version="1.0" encoding="UTF-8"?>
<collection xmlns="http://www.loc.gov/MARC21/slim">
<record>
  <controlfield tag="001">4430</controlfield>
  <controlfield tag="005">20200102203047.0</controlfield>
  <datafield tag="037" ind1=" " ind2=" ">
    <subfield code="a">CTALK-2020-0003</subfield>
  </datafield>
  <datafield tag="100" ind1=" " ind2=" ">
    <subfield code="a">Berghmans, David</subfield>
  </datafield>
  <datafield tag="245" ind1=" " ind2=" ">
    <subfield code="a">Space Weather: the biggest natural risk in the solar system</subfield>
  </datafield>
  <datafield tag="260" ind1=" " ind2=" ">
    <subfield code="c">2019</subfield>
  </datafield>
  <datafield tag="269" ind1=" " ind2=" ">
    <subfield code="c">2019-05-06</subfield>
  </datafield>
  <datafield tag="520" ind1=" " ind2=" ">
    <subfield code="a">Nearly all space weather phenomena can be traced back to the variable magnetism of the Sun. On long time scales, this variability is characterised by the 11-year solar cycle that modulates the number of sunspots on the solar disc and by the 28-days solar rotation that brings the sunspot in and out of Earth's view. The most dramatic space weather phenomena however occur erratically, on shorter timescales from minutes to hours: Solar flares and coronal mass ejections are the most energetic explosions in the solar system and can pose serious risks for modern technology and even human health. This presentation will be a triptych, subsequently addressing (1) the physics of the solar origin of space weather, (2) the potential impact of space weather on contemporary society, and (3) space weather services at ROB and elsewhere in support of risk mitigation strategies</subfield>
  </datafield>
  <datafield tag="594" ind1=" " ind2=" ">
    <subfield code="a">STCE</subfield>
  </datafield>
  <datafield tag="653" ind1="1" ind2=" ">
    <subfield code="a">Space Weather</subfield>
  </datafield>
  <datafield tag="773" ind1=" " ind2=" ">
    <subfield code="t">"Zitting Koninklijke Sterrenwacht van België - Koninklijk Belgisch Instituut voor Ruimte- Aeronomie - Koninklijk Meteorologisch Instituut", Space Pole, Brussels, Belgium</subfield>
  </datafield>
  <datafield tag="856" ind1="0" ind2=" ">
    <subfield code="f">david.berghmans@observatoire.be</subfield>
  </datafield>
  <datafield tag="856" ind1="4" ind2="2">
    <subfield code="a">http://www.kaowarsom.be/nl/conferenties</subfield>
  </datafield>
  <datafield tag="856" ind1="4" ind2=" ">
    <subfield code="s">98737194</subfield>
    <subfield code="u">http://publi2-as.oma.be/record/4430/files/20190506-KAOW_ROB-DBerghmans.key.pdf</subfield>
  </datafield>
  <datafield tag="856" ind1="4" ind2=" ">
    <subfield code="s">10444</subfield>
    <subfield code="u">http://publi2-as.oma.be/record/4430/files/20190506-KAOW_ROB-DBerghmans.jpg?subformat=icon-180</subfield>
    <subfield code="x">icon-180</subfield>
  </datafield>
  <datafield tag="856" ind1="4" ind2=" ">
    <subfield code="s">13327</subfield>
    <subfield code="u">http://publi2-as.oma.be/record/4430/files/20190506-KAOW_ROB-DBerghmans.gif?subformat=icon</subfield>
    <subfield code="x">icon</subfield>
  </datafield>
  <datafield tag="906" ind1=" " ind2=" ">
    <subfield code="a">Invited</subfield>
  </datafield>
  <datafield tag="980" ind1=" " ind2=" ">
    <subfield code="a">CTALKINVI</subfield>
  </datafield>
</record>
</collection>